<?xml version="1.0" encoding="UTF-8"?>
<record
    xmlns:xsi="http://www.w3.org/2001/XMLSchema-instance"
    xsi:schemaLocation="http://www.loc.gov/MARC21/slim http://www.loc.gov/standards/marcxml/schema/MARC21slim.xsd"
    xmlns="http://www.loc.gov/MARC21/slim">

  <leader>02497nab a2200289 ab4500</leader>
  <controlfield tag="005">20260428135050.0</controlfield>
  <controlfield tag="008">251016c2025    sp tr p#o#   #00|   spa d</controlfield>
  <controlfield tag="003"></controlfield>
  <datafield tag="040" ind1=" " ind2=" ">
    <subfield code="a">MX-MxUPN</subfield>
    <subfield code="b">spa</subfield>
    <subfield code="c">MX-MxUPN</subfield>
    <subfield code="e">aacr2</subfield>
  </datafield>
  <datafield tag="100" ind1="1" ind2=" ">
    <subfield code="a">Basilotta G&#xF3;mez Pablos, Ver&#xF3;nica</subfield>
    <subfield code="9">59418</subfield>
  </datafield>
  <datafield tag="100" ind1="1" ind2=" ">
    <subfield code="a">Casillas-Mart&#xED;n, Sonia </subfield>
    <subfield code="9">56655</subfield>
  </datafield>
  <datafield tag="100" ind1="1" ind2=" ">
    <subfield code="a">Cabezas-Gonz&#xE1;lez, Marcos </subfield>
    <subfield code="9">56656</subfield>
  </datafield>
  <datafield tag="100" ind1="1" ind2=" ">
    <subfield code="a">Garc&#xED;a Valc&#xE1;rcel Mu&#xF1;oz Repiso, Ana</subfield>
    <subfield code="9">59419</subfield>
  </datafield>
  <datafield tag="245" ind1="1" ind2="0">
    <subfield code="a">Uso de aplicaciones m&#xF3;viles en contextos educativos de infantil y primaria</subfield>
    <subfield code="h">[recurso electr&#xF3;nico en l&#xED;nea]</subfield>
  </datafield>
  <datafield tag="506" ind1="0" ind2=" ">
    <subfield code="a">Acceso abierto</subfield>
  </datafield>
  <datafield tag="520" ind1="3" ind2=" ">
    <subfield code="a">El uso de aplicaciones m&#xF3;viles propicia experiencias educativas activas, y puede mejorar la motivaci&#xF3;n e implicaci&#xF3;n del estudiante. El presente trabajo pretende: a) aportar una selecci&#xF3;n de aplicaciones educativas en infantil y primaria, b) conocer la opini&#xF3;n de profesores en formaci&#xF3;n acerca de dichas aplicaciones, c) analizar la satisfacci&#xF3;n del alumnado de infantil y primaria tras participar en una experiencia con aplicaciones educativas. Para responder a los dos primeros objetivos, se aplica un cuestionario a una muestra de 182 profesores en formaci&#xF3;n de una universidad a distancia y se emplea un enfoque mixto en el an&#xE1;lisis de los datos. Para responder al tercer objetivo se aplica la observaci&#xF3;n y entrevista a dos grupos de infantil y primaria, y se emplea un enfoque cualitativo. Los resultados aportan 51 aplicaciones para trabajar diversos contenidos en infantil y primaria. Los profesores en formaci&#xF3;n muestran una opini&#xF3;n favorable hacia el uso de estos recursos en el &#xE1;mbito educativo, consideran que promueven un aprendizaje conductual y por descubrimiento, y tienen una funci&#xF3;n interactiva. Tambi&#xE9;n se&#xF1;alan algunas limitaciones como la falta de recursos materiales y de formaci&#xF3;n. Por &#xFA;ltimo, el alumnado de infantil y primaria valora positivamente la experiencia realizada, est&#xE1;n motivados y desean seguir trabajando con estos recursos para aprender contenidos y competencias.</subfield>
    <subfield code="c"> RED</subfield>
  </datafield>
  <datafield tag="650" ind1=" " ind2="4">
    <subfield code="a">Educaci&#xF3;n superior</subfield>
    <subfield code="9">32</subfield>
  </datafield>
  <datafield tag="650" ind1=" " ind2="4">
    <subfield code="a">Innovaciones educativas</subfield>
    <subfield code="9">386</subfield>
  </datafield>
  <datafield tag="653" ind1=" " ind2=" ">
    <subfield code="a">m-learning</subfield>
  </datafield>
  <datafield tag="653" ind1=" " ind2=" ">
    <subfield code="a">Aplicaciones m&#xF3;viles</subfield>
  </datafield>
  <datafield tag="653" ind1=" " ind2=" ">
    <subfield code="a">Competencias digitales</subfield>
  </datafield>
  <datafield tag="773" ind1=" " ind2=" ">
    <subfield code="g">Vol. 25, no. 81 (2025), p. 1-25</subfield>
    <subfield code="t">RED : Revista de educaci&#xF3;n a distancia</subfield>
    <subfield code="x">1578-7680</subfield>
  </datafield>
  <datafield tag="856" ind1="4" ind2=" ">
    <subfield code="u">https://revistas.um.es/red/article/view/620841</subfield>
  </datafield>
  <datafield tag="856" ind1="4" ind2=" ">
    <subfield code="u">https://revistas.um.es/red/article/view/620841/373851</subfield>
  </datafield>
  <datafield tag="902" ind1=" " ind2=" ">
    <subfield code="a">Leonor Sotres/280426</subfield>
  </datafield>
  <datafield tag="942" ind1=" " ind2=" ">
    <subfield code="c">ART-E</subfield>
  </datafield>
  <datafield tag="952" ind1=" " ind2=" ">
    <subfield code="0">0</subfield>
    <subfield code="1">0</subfield>
    <subfield code="4">0</subfield>
    <subfield code="7">0</subfield>
    <subfield code="8">CAA</subfield>
    <subfield code="a">BCUPN50</subfield>
    <subfield code="b">BCUPN50</subfield>
    <subfield code="c">ENL</subfield>
    <subfield code="d">2026-04-28</subfield>
    <subfield code="l">0</subfield>
    <subfield code="r">2026-04-28 13:51:10</subfield>
    <subfield code="u">https://revistas.um.es/red/article/view/620841/373851</subfield>
    <subfield code="w">2026-04-28</subfield>
    <subfield code="y">ART-E</subfield>
  </datafield>
  <datafield tag="999" ind1=" " ind2=" ">
    <subfield code="c">215024</subfield>
    <subfield code="d">215024</subfield>
  </datafield>
</record>
